Účtovná závierka podnikateľov za rok 1997

Bibliographic Details
Main Author: Šlosárová, Anna, 1952- (Author)
Format: Article
Language:Slovak
ISSN:1335-2024
Subjects:

MARC

LEADER 00000nab a2200000 a 4500
001 vtls000650554
003 SK-MaSNL
005 20260302191111.0
008 180206c1998 xo 0 slo
015 |a SNBRA1998/01-00781 
035 |a CLN000002748 
040 |a SNKBUCL  |b slo  |c SNKBUCL  |e AACR2 
041 0 |a slo 
044 |a xo  |c SK 
080 |a 657.37  |2 UDC-MRF-SK2 
100 1 |a Šlosárová, Anna,  |d 1952-  |4 aut  |9 199607 
245 1 0 |a Účtovná závierka podnikateľov za rok 1997  |c Anna Šlosárová 
500 |a Článok uvedený aj v čas. Daňový a účtovný poradca podnikateľa č. 2-3/1998 
500 |a Red. pozn. 
648 7 |a 1997  |2 SNK  |9 283446 
650 0 7 |a účtovná závierka  |2 SNKPH  |9 59787 
655 7 |a články z novín a časopisov  |2 SNK  |9 267496 
773 0 |x 1335-2024  |t Účtovníctvo. Audítorstvo. Daňovníctvo  |g Roč. 6, č. 1 (1998), s. 5-7 
850 |a Slovenská národná knižnica v Martine 
852 |a SNK  |b KIS3GCP 
958 |a RBX  |x rozpis článkov z periodík 
999 |c 1435983  |d 1437913